[Event "Borsod-chT2 1415"]
[Site "Hungary"]
[Date "2015.01.24"]
[Round "5.5"]
[White "Soos, Erika"]
[Black "Simon, Jozsef"]
[Result "1-0"]
[WhiteElo "1529"]
[BlackElo "1493"]
[PlyCount "73"]
[EventDate "2014.09.28"]
[EventType "team-tourn"]
[EventRounds "7"]
[EventCountry "HUN"]
[SourceTitle "EXT 2016"]
[Source "ChessBase"]
[SourceDate "2015.10.08"]
[SourceVersion "1"]
[SourceVersionDate "2015.10.08"]
[SourceQuality "1"]
[WhiteTeam "Ozd"]
[BlackTeam "Encs"]
[WhiteTeamCountry "HUN"]
[BlackTeamCountry "HUN"]

1. d4 d6 2. e4 Nf6 3. Nc3 h6 4. h3 a6 5. Bd3 b6 6. Nf3 Bb7 7. Be3 e6 8. b4 d5 9. exd5 Nxd5 10. Nxd5 Qxd5 11. c3 Be7 12. Qc2 Nd7 13. a3 Nf6 14. c4 Qd8 15. Be2 Rb8 16. c5 0-0 17. c6 Ba8 18. Bxa6 Qd5 19. Bc4 Qd8 20. b5 Nd5 21. Bd2 Nf6 22. 0-0 Nd5 23. Ne5 Nf6 24. Bc3 Re8 25. a4 Bd6 26. Rfd1 Qe7 27. f4 Rbd8 28. f5 Bxe5 29. dxe5 Rxd1+ 30. Rxd1 exf5 31. exf6 Qc5+ 32. Bd4 Qb4 33. fxg7 Re1+ 34. Rxe1 Qxe1+ 35. Kh2 f4 36. Qg6 Qe7 37. Qxh6 1-0

[Event "Borsod-chT2 1415"]
[Site "Hungary"]
[Date "2014.09.28"]
[Round "1.5"]
[White "Kertesz, Zoltan"]
[Black "Soos, Erika"]
[Result "1-0"]
[WhiteElo "1767"]
[BlackElo "1514"]
[PlyCount "61"]
[EventDate "2014.09.28"]
[EventType "team-tourn"]
[EventRounds "7"]
[EventCountry "HUN"]
[SourceTitle "EXT 2016"]
[Source "ChessBase"]
[SourceDate "2015.10.08"]
[SourceVersion "1"]
[SourceVersionDate "2015.10.08"]
[SourceQuality "1"]
[WhiteTeam "Szendro"]
[BlackTeam "Ozd"]
[WhiteTeamCountry "HUN"]
[BlackTeamCountry "HUN"]

1. c4 c5 2. Nc3 e6 3. e3 g6 4. g3 a6 5. Bg2 Bg7 6. Nge2 Qc7 7. 0-0 Ne7 8. d4 cxd4 9. exd4 Qxc4 10. Bf4 Nbc6 11. b3 Qb4 12. a3 Qb6 13. Na4 Qd8 14. Rc1 Nf5 15. d5 Ncd4 16. Nxd4 Nxd4 17. Bc7 Qf6 18. Nb6 Nb5 19. Nxa8 Nc3 20. Qf3 Qd4 21. Ba5 Nxd5 22. Rxc8+ Ke7 23. Rxh8 Bxh8 24. Rd1 Qa7 25. Nc7 Nxc7 26. Bxc7 d5 27. Qe3 d4 28. Qe4 Qc5 29. Qxb7 Qc2 30. Qb4+ Kd7 31. Qd6+ 1-0